[Event "Wch U08 Girls"]
[Site "Sharm El Sheikh"]
[Date "2023.10.19"]
[Round "4"]
[White "Emelyanova, Liliya Mikh"]
[Black "Attieh, Skye"]
[Result "1-0"]
[WhiteElo "1233"]
[BlackElo "1435"]
[PlyCount "65"]
[EventDate "2023.10.16"]
[EventType "swiss"]
[EventRounds "11"]
[EventCountry "EGY"]
[SourceTitle "EXT 2025"]
[Source "ChessBase"]
[SourceDate "2024.10.14"]
[SourceVersion "1"]
[SourceVersionDate "2024.10.14"]
[SourceQuality "1"]

1. e4 d5 2. exd5 Qxd5 3. Nf3 Nf6 4. d4 Nc6 5. Be2 Bg4 6. 0-0 0-0-0 7. c3 e6 8. Nbd2 Bd6 9. Nc4 Ne7 10. Ne3 Qc6 11. Nxg4 Nxg4 12. c4 Ng6 13. h3 Nf6 14. Re1 h5 15. Be3 Bf4 16. Bxf4 Nxf4 17. Bf1 Ng6 18. b4 Qd6 19. c5 Qf4 20. b5 Ng4 21. g3 Qh6 22. h4 Rhe8 23. Rc1 Rd5 24. Qa4 Kb8 25. b6 Red8 26. Qxa7+ Kc8 27. Qa8+ Kd7 28. Qxb7 Rxd4 29. bxc7 Rc8 30. c6+ Ke7 31. Qxc8 N6e5 32. Nxd4 Qd2 33. Qd8# 1-0